<?xml version="1.0" encoding="UTF-8"?>
<collection xmlns="http://www.loc.gov/MARC21/slim">
 <record>
  <leader>00476nam a22001455a 4500</leader>
  <controlfield tag="001">EUN.um029739</controlfield>
  <controlfield tag="003">AR-BaUNS</controlfield>
  <controlfield tag="005">20050623122905.0</controlfield>
  <controlfield tag="008">041125s1923####ag#a##########000#0#spa#d</controlfield>
  <datafield tag="245" ind1="1" ind2="0">
   <subfield code="a">Manual de electricidad para el personal subalterno de la armada /</subfield>
   <subfield code="c">Octavio D. Michetti.</subfield>
  </datafield>
  <datafield tag="260" ind1=" " ind2=" ">
   <subfield code="a">Buenos Aires :</subfield>
   <subfield code="b">Mortlock,</subfield>
   <subfield code="c">1923.</subfield>
  </datafield>
  <datafield tag="300" ind1=" " ind2=" ">
   <subfield code="a">275 p. :</subfield>
   <subfield code="b">ilus. ;</subfield>
   <subfield code="c">24 cm.</subfield>
  </datafield>
  <datafield tag="100" ind1="1" ind2=" ">
   <subfield code="a">Michetti, Octavio D.</subfield>
  </datafield>
  <datafield tag="082" ind1="0" ind2="4">
   <subfield code="a">537</subfield>
  </datafield>
  <datafield tag="859" ind1=" " ind2=" ">
   <subfield code="a">Ar-BaUNS</subfield>
   <subfield code="b">BIB. CENTRAL - Sector C</subfield>
   <subfield code="h">537</subfield>
   <subfield code="i">M582</subfield>
   <subfield code="p">329/953</subfield>
  </datafield>
 </record>
</collection>
